Galatasaray - Tous les joueurs de 2010 à 2025 - Statistiques

Statistiques générales
  • Ce quiz a été pris 140 fois
    117 depuis la dernière actualisation
  • Le résultat moyen est 46 sur 229
Statistiques - réponses
Saisons Nationalité Joueur Nombre
De Matchs
Poste % Correct
2011 - 2025 Uruguay FernandoMuslera 551 G
96%
2021 - Turquie BarisAlper Yilmaz 156 A
83%
2022 - Argentine MauroIcardi 87 A
76%
2012 - 2014 CoteD'Ivoire DidierDrogba 53 A
73%
2012 - 2016 Turquie BurakYilmaz 141 A
71%
2024 - Nigéria VictorOsimhen 41 A
71%
2018 - 2019 Turquie BatuhanSen 1 G
70%
2012 - 2017 Pays - Bas WesleySneijder 175 M
69%
2022 - Uruguay LucasTorreira 129 M
68%
2022 - 2025 Belgique DriesMertens 136 A
63%
2022 - Turquie AbdulkerimBardakci 126 D
62%
2023 - Colombie DavinsonSanchez 76 D
62%
2020 - 2024 Turquie KeremAkturkoglu 179 A
62%
2021 - 2024 France SachaBoey 83 D
62%
2011 - 2020 Turquie SelcukInan 331 M
57%
2018 - 20202022 - 2023 2024 - Turquie YunusAkgun 105 A
56%
2010 - 20112020 - 2022 Turquie ArdaTuran 65 M/A
54%
2010 - 2015 Turquie AydinYilmaz 71 A
52%
2017 - 20182021 - 2023 France BafetimbiGomis 86 A
52%
2019 - 20202024 - Gabon MarioLemina 44 M
52%
2017 - 2022 Algérie SofianeFeghouli 162 A
52%
2011 - 2015 Brésil FelipeMelo 154 M
50%
2021 - 2025 Danemark VictorNelsson 144 D
50%
2024 - Brésil GabrielSara 45 M
48%
2017 - 2021 Maroc YounesBelhanda 131 M
46%
2019 - 2020 Turquie EmreMor 17 A
45%
2010 - 2018 Turquie HakanBalta 219 D
43%
2019 - 2021 Colombie RadamelFalcao 43 A
43%
2011 - 2015 CoteD'Ivoire EmmanuelEboué 101 D
40%
2018 - 2022 Brésil Marcao 141 D
40%
2022 - 20232024 - Autriche YusufDemir 23 A
40%
2021 - Turquie BerkanKutlu 150 M
39%
2024 - Sénégal IsmailJakobs 23 D
39%
2011 - 20172018 - 2019 2021 - 2022 Turquie SemihKaya 207 D
38%
2023 - 2025 Maroc HakimZiyech 34 A
37%
2010 - 2015 Turquie GokhanZan 60 D
36%
2022 - Turquie KaanAyhan 98 D
36%
2024 - 2025 Espagne AlvaroMorata 16 A
35%
2024 - Turquie ErenElmali 16 D
35%
2022 - 2023 France LeoDubois 31 D
35%
2024 - Hongrie RollandSallai 32 A
35%
2015 - 2017 Allemagne LukasPodolski 75 M/A
33%
2020 - 2022 Egypte MostafaMohamed 58 A
33%
2023 - 2024 CoteD'Ivoire WilfriedZaha 43 A
33%
2023 - 2025 Allemagne KeremDemirbay 76 M
32%
2013 - 2017 Cameroun AurélienChedjou 119 D
31%
2017 - 2020 Japon YutoNagatomo 65 D
31%
2024 - 2025 Belgique MichyBatshuayi 30 A
30%
2012 - 2014 Maroc NordinAmrabat 56 A
30%
2012 - 2016 Turquie UmutBulut 173 A
30%
2024 - 2025 Danemark EliasJelert 35 D
29%
2010 - 2017 Turquie SabriSarioglu 219 D
29%
2022 - 2024 Portugal SergioOliveira 58 M
29%
2023 - 2024 France TanguyNdombele 26 M
29%
2010 - 2011 Turquie AliTuran 13 D
27%
2013 - 20152016 - 2017 Portugal Bruma 85 A
27%
2012 - 2017 Turquie HamitAltintop 89 M
27%
2022 - 2023 Italie NicoloZaniolo 12 M
27%
2015 - 20162017 - 2021 Suriname RyanDonk 155 D
27%
2018 - 2022 RépubliqueDémocratique Du Congo ChristianLuyindama 79 D
25%
2019 - 2022 Pays - Bas RyanBabel 100 A
25%
2024 - 2025 Colombie CarlosCuesta 9 D
24%
2023 - 2024 RépubliqueDémocratique Du Congo CédricBakambu 16 A
24%
2013 - 2014 Turquie UmutGundogan 6 M
24%
2021 - 2022 Turquie AytacKara 12 M
23%
2018 - 20192021 - 2022 Turquie IsmailCipe 17 G
23%
2011 - 2013 Suède JohanElmander 61 A
23%
2023 - 2024 Brésil Tete 45 A
23%
2011 - 2014 Espagne AlbertRiera 80 D/M
21%
2017 - 2019 Sénégal BadouNdiaye 50 M
21%
2020 - 2022 Etats - Unis DeAndreYedlin 36 D
21%
2023 - 2025 Turquie EfeAkman 11 M
21%
2016 - 2019 Suisse ErenDerdiyok 84 A
21%
2020 - 2021 Portugal GedsonFernandes 18 M
21%
2018 - 2021 Nigéria HenryOnyekuru 71 A
21%
2017 - 2020 Brésil Mariano 105 D
21%
2015 - 2021 Norvège MartinLinnes 146 D
21%
2023 - 2024 Cote D'Ivoire SergeAurier 4 D
21%
2019 - 2020 France StevenNzonzi 15 M
21%
2024 - Turquie AhmedKutucu 18 A
20%
2013 - 2015 Brésil AlexTelles 60 D
20%
2010 - 2012 Turquie AyhanAkman 44 M
20%
2016 - 2019 Turquie GokayGuney 8 D
20%
2022 - 2023 Espagne JuanMata 18 M
20%
2017 - 2019 Brésil Maicon 57 D
20%
2018 - 2022 Sénégal MbayeDiagne 62 A
20%
2022 - 20232024 - Turquie MetehanBaltaci 20 D
20%
2021 - 2022 Roumanie OlimpiuMorutan 36 M
20%
2024 - 2025 Pologne PrzemyslawFrankowski 15 D
20%
2021 - 2022 Roumanie AlexandruCicaldau 41 M
19%
2017 - 2019 Brésil Fernando 58 M
19%
2016 - 2019 Cap - Vert GarryRodrigues 78 A
19%
2022 - 2024 Turquie HamzaAkman 3 M
19%
2022 - 2024 Turquie KazimcanKaratas 24 D
19%
2022 - 2023 Kosovo MilotRashica 30 A
19%
2021 - 2023 Pays - Bas PatrickVan Aanholt 62 D
19%
2023 - 2024 Espagne Angelino 19 D
18%
2014 - 2015 Macédoine Du Nord Goran Pandev 17 A
18%
2023 - Turquie GunayGuvenc 20 G
18%
2015 - 2016 Espagne JoseRodriguez 23 M
18%
2015 - 2017 France LionelCarole 67 D
18%
2018 - 2022 Turquie OmerBayram 126 D
18%
2019 - 2022 Turquie TaylanAntalyali 102 M
18%
2022 - 2023 Suisse HarisSeferovic 13 A
17%
2019 - 2020 CoteD'Ivoire Jean - MichaelSeri 37 M
17%
2018 - 2019 Grèce KonstantinosMitroglou 9 A
17%
2010 - 2013 RépubliqueTchèque MilanBaros 50 A
17%
2014 - 2019 Turquie SinanGumus 116 A
17%
2013 - 2015 Turquie VeyselSari 21 D
17%
2014 - 2018 Turquie YasinOztekin 148 A
17%
2024 - Turquie ArdaUnyay 1 D
15%
2019 - 20212022 - 2023 Turquie EminBayram 20 D
15%
2023 - Turquie EyupAydin 16 M
15%
2023 - Turquie GokdenizGurpuz 2 M
15%
2020 - 20222023 - 2024 Turquie HalilDervisoglu 65 A
15%
2010 - 2011 Australie HarryKewell 26 A
15%
2021 - 2022 Espagne InakiPena 8 G
15%
2015 - 20162017 - 2018 Belgique JasonDenayer 50 D
15%
2016 - 2018 Pays - Bas NigelDe Jong 24 M
15%
2017 - 2019 Turquie OzanKabak 18 D
15%
2016 - 2019 Turquie SerdarAziz 51 D
15%
2018 - 2021 Turquie EmreAkbaba 78 M
14%
2019 - 2020 Suède JimmyDurmaz 17 M
14%
2019 - 2021 Uruguay MarceloSaracchi 44 D
14%
2011 - 2013 RépubliqueTchèque TomasUjfalusi 42 D
14%
2023 - 2024 Brésil CarlosVinicius 14 A
13%
2010 - 2016 Turquie EmreColak 169 M
13%
2022 - 2023 Danemark MathiasRoss 2 D
13%
2019 - 20212022 - 2023 Turquie OkanKocuk 29 G
13%
2020 - 2022 Norvège OmarElabdellaoui 20 D
13%
2019 - 20202021 - 2022 Turquie AtalayBabacan 7 M
12%
2023 - 2024 Allemagne DerrickKohn 19 D
12%
2020 - 2022 Turquie EmreKilinc 80 A
12%
2018 - 2019 Turquie MugdatCelik 18 A
12%
2020 - 2021 Nigéria PeterEtebo 29 M
12%
2019 - 2020 Turquie AdemBuyuk 34 A
11%
2021 - 2022 Turquie AlpaslanOzturk 16 D
11%
2020 - 2022 Turquie FatihOzturk 13 G
11%
2019 - 2021 Turquie SenerOzbayrakli 27 D
11%
2016 - 2020 Turquie AhmetCalik 56 D
10%
2024 - 2025 Turquie BeratLus 4 A
10%
2015 - 2016 Turquie BilalKisa 36 M
10%
2012 - 2014 Cameroun DanyNounkeu 46 D
10%
2018 - 20212022 - 2023 Turquie EmreTasdemir 37 D
10%
2011 - 2014 Turquie EnginBaytar 55 M
10%
2021 - 2022 Chili ErickPulgar 11 M
10%
2022 - 2023 Norvège FredrikMidtsjo 28 M
10%
2016 - 2017 Portugal Josue 33 M
10%
2016 - 2017 Belgique Luis PedroCavanda 13 D
10%
2011 - 2012 Turquie MertanOzturk 1 A
10%
2020 - 2021 Nigéria ValentineOzornwafor 1 D
10%
2023 - 2024 Turquie Ali TurapBulbul 5 D
8%
2019 - 2020 Roumanie FlorinAndone 12 A
8%
2017 - 2018 Roumanie IsmanLatovlevici 15 D
8%
2015 - 2016 Turquie JemKaracan 8 M
8%
2019 - 2021 Nigéria JesseSekidika 19 A
8%
2017 - 2019 Turquie RecepGul 4 A
8%
2010 - 2012 Turquie ServetCetin 51 D
8%
2020 - 2022 Turquie BartugElmaz 2 M
7%
2011 - 2012 Turquie BerkYildiz 1 A
7%
2014 - 2015 Suisse BlerimDzemaili 20 M
7%
2012 - 2013 Brésil Cris 12 D
7%
2021 - 2022 Brésil GustavoAssuncao 2 M
7%
2011 - 2012 Turquie NecatiAtes 17 A
7%
2014 - 2016 Turquie OlcanAdin 84 A
7%
2022 - 2023 Canada SamAdekugbe 6 D
7%
2014 - 2016 Turquie TarikCamdal 42 D
7%
2016 - 2018 Turquie TolgaCigerci 49 M
7%
2010 - 2015 Turquie YektaKurtulus 93 M
7%
2022 - 2023 Turquie BaranAksaka 3 M
6%
2013 - 2014 Bosnie IzetHajrovic 12 A
6%
2021 - 2022 Turquie KaanArslan 2 D
6%
2013 - 2018 Allemagne KorayGunter 50 D
6%
2018 - 2019 Turquie MustafaKapi 1 M
6%
2020 - 2022 Turquie OgulcanCaglayan 29 A
6%
2011 - 2013 Turquie SercanYildirim 26 A
6%
2014 - 2015 Turquie SinanBolat 12 G
6%
2018 - 20192020 - 2021 Turquie AliYavuz Kol 7 A
5%
2010 - 2011 Allemagne BansOzbek 22 M
5%
2023 - 2024 Turquie BaranDemiroglu 2 A
5%
2021 - 2022 Turquie BerkBalaban 1 G
5%
2017 - 2018 France CedricCarrasso 2 G
5%
2018 - 2019 Turquie CelikYuksel 6 M
5%
2015 - 2017 Turquie CenkGonen 14 G
5%
2012 - 2018 Turquie ErayIscan 17 G
5%
2013 - 2014 Turquie ErmanKilic 3 M
5%
2010 - 2011 Albanie LorikCana 31 D/M
5%
2010 - 2011 Turquie MustafaSarp 27 M
5%
2013 - 20142016 - 2017 Turquie SalihDursun 7 D
5%
2010 - 2012 Turquie SerkanKurtulus 15 D
5%
2010 - 2011 Bosnie ZvjedzanMisimovic 9 M
5%
2010 - 2014 Turquie AykutErcetin 15 G
4%
2014 - 20152016 - 2017 Turquie BirhanVatansever 4 M
4%
2010 - 2011 Roumanie BogdanStancu 16 A
4%
2011 - 2014 Turquie CeyhunGulselam 47 M
4%
2010 - 2012 Turquie ColinKazim - Richards 35 A
4%
2010 - 2011 Brésil Elano 9 M
4%
2010 - 2011 Argentine EmmanuelCulio 19 M
4%
2019 - 2020 Turquie ErencanYardimci 1 A
4%
2013 - 2014 Argentine GuillermoBurdisso 4 D
4%
2010 - 2011 Colombie Juan PabloPino 25 A
4%
2010 - 2011 Australie LucasNeill 32 D
4%
2010 - 2011 Colombie RobinsonZapata 12 G
4%
2018 - 2019 Turquie AbdussamedKarnucu 1 M
2%
2017 - 2018 Turquie BarisZeren 2 M
2%
2013 - 20142016 - 2017 Turquie BerkUnsal 6 A
2%
2010 - 2013 Turquie CaglarBirinci 18 D
2%
2010 - 2011 Argentine EmilianoInsua 19 D
2%
2017 - 2018 Turquie EmrahBassan 3 A
2%
2013 - 2015 Turquie EmreCan Coskun 5 D
2%
2013 - 2014 Turquie IbrahimCoskun 1 M
2%
2013 - 2014 Argentine LucasOntivero 5 A
2%
2010 - 2011 Turquie SerdarOzkan 7 A
2%
2010 - 2014 Turquie UfukCeylan 35 G
2%
2015 - 2016 Turquie VolkanPala 4 A
2%
2017 - 2018 Turquie AliUlgen 1 D
1%
2023 - 2024 Turquie AliYesilyurt 1 D
1%
2010 - 2011 Turquie Cem Sultan 1 A
1%
2012 - 20132014 - 2015 Turquie FurkanOzcal 3 M
1%
2014 - 2015 Turquie KaanBaysal 1 M
1%
2018 - 2019 Turquie MalikKaraahmet 1 A
1%
2010 - 2012 Turquie MehmetBatdal 11 A
1%
2011 - 20122013 - 2014 Turquie YikitGokoglan 9 A
1%
2010 - 2011 Turquie AnilDilaver 3 A
0%
2024 - 2025 Turquie KadirSubasi 1 D
0%
2016 - 2017 Turquie KeremCalsikan 3 A
0%
2010 - 2011 Turquie MusaCagiran 2 M
0%
2013 - 2014 Turquie OguzhanKayar 1 M
0%
2011 - 2012 Turquie OkanDerici 1 M
0%
Aucun quiz correspondant
Distribution des résultats
% des personnes avec chaque résultat
Percentile par nombre de réponses
Votre historique - résultats
Vous n’avez pas pris ce quiz depuis la dernière actualisation